Geography Quiz

Random Geography or State Quiz

Risky Map Clicking: States Ending in Consonants Quiz Stats

 Plays Quiz Updated Mar 12, 2018

Score 0/16 Timer 03:00
10 Plays Today
% Correct
???
87.1%
???
84.1%
???
83.6%
???
67.7%
???
65.2%
???
63.9%
???
62.6%
???
61.3%
% Correct
???
59.8%
???
58.5%
???
57.2%
???
56.8%
???
56.6%
???
54.7%
???
53.7%
???
51.7%

You're not logged in!

Compare scores with friends on all Sporcle quizzes.
OR
Log In

You Might Also Like...

Show Comments

Extras

Top Quizzes Today


Score Distribution

Your Account Isn't Verified!

In order to create a playlist on Sporcle, you need to verify the email address you used during registration. Go to your Sporcle Settings to finish the process.

Report this User

Report this user for behavior that violates our Community Guidelines.

Details: